FIFA 23 Future Stars - Statistics

General Stats
  • This quiz has been taken 116 times
    108 since last reset
  • The average score is 24 of 55
Answer Stats
rat pos club player % Correct
Team 1 91 CM Barcelona Gavi
94%
Team 1 92 ST Manchester City Julián Álvarez
92%
Team 1 90 LM Chelsea Mykhaylo Mudryk
85%
Team 1 90 ST Borussia Dortmund Karim Adeyemi
81%
Team 2 92 CAM Bayern Munich Jamal Musiala
78%
Team 1 89 CM Paris Saint-Germain Vitinha
65%
Team 1 89 CB RB Leipzig Joško Gvardiol
63%
Team 1 88 CB Crystal Palace Marc Guéhi
63%
Team 1 87 GK FC Porto Diogo Costa
62%
Team 2 90 CB Barcelona Ronald Araújo
60%
Team 1 88 RW Manchester United Anthony Elanga
58%
Team 2 90 CM Chelsea Enzo Fernández
58%
Team 2 88 GK Leeds United Illan Meslier
56%
Team 2 89 CB Ajax Jurrien Timber
56%
Team 1 Player Pick SBC 88 CB/CDM Feyenoord Quinten Timber
56%
Team 1 87 CB AC Milan Pierre Kalulu
55%
Team 2 89 ST Arsenal Eddie Nketiah
51%
Team 2 Mini Release 89 LB Manchester United Tyrell Malacia
51%
Team 2 88 CAM Liverpool Fábio Carvalho
50%
Academy OBJ 82>84>86>88 LM/RW(86) Newcastle Anthony Gordon
46%
Team 1 86 RWB Rennais Djed Spence
46%
Team 1 Mini Release 85 CB VfL Wolfsburg Micky van de Ven
46%
Team 1 85 LB Rayo Vallecano Fran García
45%
Team 1 88 CAM Ajax Mohammed Kudus
44%
Team 2 Mini Release 87 CB Chelsea Benoît Badiashile
42%
Team 1 Mini Release 89 CAM Olympique Lyonnais Rayan Cherki
40%
Team 1 86 RWB Torino Wilfried Singo
40%
Academy OBJ 82>84>86>88 CM Aston Villa Jacob Ramsey
38%
Team 2 SBC 87 CM OGC Nice Khéphren Thuram
38%
Academy OBJ 82>84>86>88 LB Olympique Marseille Nuno Tavares
38%
Team 1 SBC 89 CM Arsenal Fábio Vieira
37%
Flashback SBC 85 CB Manchester United Phil Jones
36%
Flashback SBC 88 CB AS Roma Chris Smalling
33%
Team 2 87 CM Newcastle Joe Willock
33%
Flashback SBC 87 RW Southampton Theo Walcott
33%
Team 1 Player Pick SBC 88 RW/RB AS Monaco Vanderson
33%
Team 2 86 ST Real Madrid Iker Bravo
31%
Team 2 88 CM Juventus Nicolò Fagioli
31%
Moments SBC 88 ST Borussia Dortmund Sébastien Haller
29%
Academy OBJ 82>84>86>88 CAM/LM(86) Eintracht Frankfurt Jesper Lindstrøm
28%
Team 2 90 LW Napoli Khvicha Kvaratshkelia
28%
Team 2 85 ST Glasgow Rangers Malik Tillman
28%
Academy OBJ 82>84>86>88 CM AC Monza Nicolò Rovella
28%
Moments Swap Reward 88 CAM Aston Villa Philippe Coutinho
28%
Team 1 Mini Release 87 ST Athletic Bilbao Oihan Sancet
27%
Level 30 Objective Player Pack 87 LW/ST Stade Reims Florian Balogun
26%
Moments SBC 88 LW Los Angeles FC Carlos Vela
24%
Team 2 87 CDM RCD Espanyol Vinícius Souza
24%
Team 2 SBC 87 CAM AFC Bournemouth Hamed Traorè
23%
Team 2 86 RM Real Valladolid Gonzalo Plata
21%
Flashback SBC 88 ST FC Sion Mario Balotelli
21%
Team 1 SBC 87 CAM Girona FC Rodrigo Riquelme
21%
Moments SBC 88 ST Hertha Berlin Stevan Jovetić
18%
Team 2 Mini Release 85 ST Mainz 05 Jonathan Burkardt
17%
Flashback SBC 74 LB Torino Ricardo Rodríguez
14%
No matching quizzes found
Score Distribution
Percent of People with Each Score
Percentile by Number Answered
Your Score History
You have not taken this quiz since the last reset